1320 1945 1493 1537 1294 1119 1377 1965 1032 1892 1761 1901 1783 1907 1330 1396 1868 1114 1843 1593 1844 1139 1804 1677 1023 1563 1158 1119 1376 1367 1827 1357 1104 1055 1122 1082 1361 1185 1327 1001 1430 1134 1028 1529 1279 1112 1660 1801 1941 1711 1505 1027 1016 1030 1074 1694 1597 1093 1081 1031 1518 1467 1613 1943 1124 1615 1447 1495 1855 1807 1558 1435 1328 1781 1149 1770 1956 1847 1504 1120 1442 1257 1377 1354 1277 1162 1660 1990 1124 1397 1582 1943 1403 1105 1577 1536 1962 1910 1545 BCNSPRNW ULIB Ver.6.0+V

เปลี่ยนเป็นภาษาไทย

Change to English
 แสดงรายละเอียดบรรณานุกรม
  กลับหน้าหลัก

Brief Record : Get Marc (ISO 2709) : E-mail record : QR code < ปิดหน้าต่าง
LEADER : 00000nam 2200000uu 4500
001    13399128733
003     ULIB
008    240826s2562||||th 000 0 tha d
020    ^a9786165071093
040    ^abrv
050  4 ^aBF698.3^bศ243ท
100 0  ^aศรีเรือน แก้วกังวาล
245 10 ^aทฤษฎีจิตวิทยาบุคลิกภาพ :^bรู้เรา รู้เขา /^cศรีเรือน แก้วกังวาล
246 30 ^aรู้เรา รู้เขา
250    ^aพิมพ์ครั้งที่ 18
260    ^aกรุงเทพฯ :^bหมอชาวบ้าน,^c2562
300    ^a554 หน้า :^bภาพประกอบ ;^c21 ซม.
504    ^aมีบรรณานุกรมและดัชนี
650  0 ^aHumanistic psychology
650  4 ^aการดำเนินชีวิต
650  4 ^aการปรับตัว (จิตวิทยา)
650  4 ^aจิตวิทยา
650  4 ^aบุคลิกภาพ
650  4 ^aบุคลิกภาพ^xจิตวิทยา
945    ^p380^l0^i30181
945    ^p380^l0^i30182
995    ^aกัณชพร จุลอักษร
999    ^aกัณชพร
รายการนี้ยังไม่มีแท็ก
คุณยังไม่ได้ล็อกอิน คุณสามารถมีกิจกรรมร่วมกับเว็บไซต์ได้ แต่ต้องล็อกอินก่อน ::
  ล็อกอิน

รายการสื่อสารสนเทศ

ลำดับที่ ประเภท เลขเรียก/บาร์โค้ด สถานที่ สถานะ
1. หนังสือสำรอง
หนังสือสำรอง
BF698.3 ศ243ท ฉ.1 
  Barcode: 30181
ห้องสมุดวิทยาเขตนครสวรรค์
►หนังสือทั่วไป:l:General Books
บนชั้น
2. วิทยาศาสตร์การแพทย์ และสุขภาพ
วิทยาศาสตร์การแพทย์ และสุขภาพ
BF698.3 ศ243ท ฉ.2 
  Barcode: 30182
ห้องสมุดวิทยาเขตนครสวรรค์
►หนังสือทั่วไป:l:General Books
บนชั้น

รายการใกล้เคียง
    ผู้แต่ง [ศรีเรือน แก้วกังวาล]

    หัวเรื่อง [Humanistic psychology]
    หัวเรื่อง [การดำเนินชีวิต]
    หัวเรื่อง [การปรับตัว (จิตวิทยา)]
    หัวเรื่อง [จิตวิทยา]
    หัวเรื่อง [บุคลิกภาพ]

BibComment


ยังไม่เคยถูกคอมเมนท์

คอมเมนท์ทรัพยากรรายการนี้
  คอมเมนท์: ทฤษฎีจิตวิทยาบุค..


 Copyright 2026. Bcnsprnw @Library